000 00991nam a22002417a 4500
003 PE SENCICO BE
005 20251020182649.0
008 240110b |||||||| |||| 00| 0 eng d
040 _aPE SENCICO BE
_cPE SENCICO BE
041 _aspa
084 _aI
_aDIS
_a2014
_bC74
100 1 _91859
_aConcha Vidal, Deborah Pamela
_eautor
245 1 _aProceso de diseño para anteproyecto de diseño interior /
_cDeborah Pamela Concha Vidal
260 _aLima :
_c2014
300 _a[40] h. :
_bil. col. ;
_c30 cm.
502 _aMonografía de Titulación.-- Servicio Nacional de Capacitación para la Industria de la Construcción. Escuela Superior Técnica. Carrera Profesional Técnica en Diseño de Interiores, 2014
650 1 0 _944
_aDiseño de interiores
650 2 0 _966
_aRestaurantes
650 2 0 _99
_aEspacios interiores
710 1 _aServicio Nacional de Capacitación para la Industria de la Construcción.
_bEscuela Superior Técnica
_91065
910 _bhfp
_chfp
942 _cMON
999 _c4490
_d4490